000 00801nam a22002177a 4500
999 _c7661
_d7661
003 AR-CdUCM
008 190321b ||||| |||| 00| 0 spa d
020 _a9972-9641-2-4
040 _aMUNICIPALIDAD PROVINCIAL DEL CUSCO
_cBIBLIOTECA MUNICIPAL DEL CUSCO
082 _a636.9 /
_bSA19
100 _aSánchez, Cristian
_921633
245 _aCrianza y comercialización de conejos /
260 _aLima :
_bRipalme,
_c2002.
300 _a135 paginas ;
_bIlustraciones,
_c21 cm.
505 _aContenido : Crianza de conejos -- Instalaciones y equipos -- Reproducción y empadre -- Comercialización de conejos -- Rentabilidad de los conejos...
650 _aConejos
_920198
650 _aComercialización de conejos
_921634
650 _aAbono de conejo
_921635
942 _2ddc
_cLIBROS
945 _awnts